| 000 | 01044nam a2200253 a 4500 | ||
|---|---|---|---|
| 005 | 20140310183541.0 | ||
| 008 | 111011s19uu xx 00 eng d | ||
| 010 | _a2008044538 | ||
| 020 | _a9780240810140 | ||
| 050 |
_aTR 899 _b.P42 2009 |
||
| 100 | _aPearlman, Karen | ||
| 245 |
_aCutting rhythms : _bshaping the film edit / _cKaren Pearlman. |
||
| 260 |
_aAmsterdam ; Boston : _bFocal Press/Elsevier, _cc2009. |
||
| 300 |
_axxix, 269 p. : _bill. ; _c24 cm. |
||
| 500 | _aIncludes bibliographical references (p. 253-259) and index. | ||
| 520 | _aContents: Rhythmic intuition -- Editing as choreography -- Timing, pacing, and trajectory phrasing -- Tension, release, and synchronisation -- Physical, emotional, and event rhythms -- Physical rhythm -- Emotional rhythm -- Event rhythm -- Style -- Devices -- Common scenes. | ||
| 521 | _aMA | ||
| 650 |
_aMotion pictures _xEditing |
||
| 650 |
_aMotion pictures _xPhilosophy |
||
| 650 |
_aMotion picture plays _xEditing |
||
| 650 | _aRhythm | ||
| 942 |
_cBK _2lcc _kFOR |
||
| 999 |
_c24795 _d24795 |
||